| 000 | 02175nam a2200469 i 4500 | ||
|---|---|---|---|
| 001 | ebr10819460 | ||
| 003 | CaPaEBR | ||
| 006 | m o d | ||
| 007 | cr cn||||||||| | ||
| 008 | 130730t20142014nyu ob 001 0 eng|d | ||
| 020 | _z9781433115660 (hardcover : alk. paper) | ||
| 020 | _a9781453908105 (e-book) | ||
| 040 |
_aCaPaEBR _beng _erda _epn _cCaPaEBR |
||
| 035 | _a(OCoLC)876288653 | ||
| 043 |
_ae------ _aff----- _aaw----- |
||
| 050 | 1 | 4 |
_aBS2655.R29 _bK43 2014eb |
| 082 | 0 | 4 |
_a261.8/73 _223 |
| 100 | 1 |
_aKeazirian, Edward M., _d1951- |
|
| 245 | 1 | 0 |
_aPeace and peacemaking in Paul and the Greco-Roman world / _cEdward M. Keazirian. |
| 264 | 1 |
_aNew York : _bPeter Lang Publishing, _c[2014] |
|
| 264 | 4 | _c�2014 | |
| 300 | _a1 online resource (234 pages). | ||
| 336 |
_atext _2rdacontent |
||
| 337 |
_acomputer _2rdamedia |
||
| 338 |
_aonline resource _2rdacarrier |
||
| 490 | 1 |
_aStudies in biblical literature, _x1089-0645 ; _vvolume 145 |
|
| 504 | _aIncludes bibliographical references and index. | ||
| 505 | 0 | _apart I. Greco-Roman conceptions of peace -- part II. Pauline conceptions of peace -- part III. Paul's approach to peacemaking and conflict resolution. | |
| 588 | _aDescription based on print version record. | ||
| 590 | _aElectronic reproduction. Palo Alto, Calif. : ebrary, 2014. Available via World Wide Web. Access may be limited to ebrary affiliated libraries. | ||
| 630 | 0 | 0 |
_aBible. _pEpistles of Paul _xCriticism, interpretation, etc. |
| 650 | 0 |
_aReconciliation _xBiblical teaching. |
|
| 650 | 0 |
_aPeace _xBiblical teaching. |
|
| 650 | 0 | _aReconciliation. | |
| 650 | 0 | _aPeace. | |
| 650 | 0 | _aCivilization, Greco-Roman. | |
| 655 | 0 | _aElectronic books. | |
| 776 | 0 | 8 |
_iPrint version: _aKeazirian, Edward M. _tPeace and peacemaking in Paul and the Greco-Roman world. _dNew York : Peter Lang Publishing, [2014] _hxv, 214 pages _kStudies in biblical literature ; vol. 145 _x1089-0645 ; _z9781433115660 _w(DLC) 2013019051 |
| 797 | 2 | _aebrary. | |
| 830 | 0 |
_aStudies in biblical literature ; _vv. 145. |
|
| 856 | 4 | 0 |
_uhttp://site.ebrary.com/lib/rucke/Doc?id=10819460 _zAn electronic book accessible through the World Wide Web; click to view |
| 999 |
_c78928 _d78928 |
||